Rehabilitation of Destitute Children in Uttar Pradesh (Record no. 19054)
[ view plain ]
| 000 -LEADER | |
|---|---|
| fixed length control field | 00557nam a2200157Ia 4500 |
| 082 ## - DEWEY DECIMAL CLASSIFICATION NUMBER | |
| Classification number | RP.0296 |
| 100 ## - MAIN ENTRY--AUTHOR NAME | |
| Personal name | Pathak, S.N. |
| Affiliation | Sant Kabir Mahavidyalaya |
| Place | Sihapar, Gorakhpur |
| 245 #0 - TITLE STATEMENT | |
| Title | Rehabilitation of Destitute Children in Uttar Pradesh |
| 260 ## - PUBLICATION, DISTRIBUTION, ETC. (IMPRINT) | |
| Year of publication | N.D |
| Place of publication | Gorakhpur |
| -- | Uttar Pradesh |
| 300 ## - PHYSICAL DESCRIPTION | |
| Number of Pages | iii, 210p |
| 504 ## - BIBLIOGRAPHY, ETC. NOTE | |
| Bibliography, etc | includes bibliography |
| 536 ## - FUNDING INFORMATION NOTE | |
| Funding Agency | Indian Council of Social Science Research, New Delhi |
| 650 ## - SUBJECT ADDED ENTRY--TOPICAL TERM | |
| Topical Term | Sociology |
| Form subdivision | Rehabilitation |
| -- | Poor Children |
| Geographic subdivision | Gorakhpur |
| 650 ## - SUBJECT ADDED ENTRY--TOPICAL TERM | |
| Topical Term | Sociology |
| Form subdivision | Child Care |
| Geographic subdivision | Uttar Pradesh |
| -- | India |
| 942 ## - ADDED ENTRY ELEMENTS (KOHA) | |
| Koha item type | Research Reports |
| Source of classification or shelving scheme | Dewey Decimal Classification |
| Withdrawn status | Lost status | Damaged status | Not for loan | Collection code | Home library | Current library | Date acquired | Source of acquisition | Full call number | Accession Number | Price effective from | Koha item type |
|---|---|---|---|---|---|---|---|---|---|---|---|---|
| Not For Loan | Minor Research project Reports | NASSDOC Library | NASSDOC Library | 22/09/2017 | RP Division, ICSSR | RP.0296 | 49300 | 18/04/2019 | Research Reports |
